| 000 | 01189nam a2200325 a 4500 | ||
|---|---|---|---|
| 001 | 000114971 | ||
| 003 | CHAP | ||
| 005 | 20220329144506.0 | ||
| 008 | 180821s2018 mx |sm |||||||spa d | ||
| 010 | _a111432 | ||
| 011 | _a112404 | ||
| 040 | _cCHAP | ||
| 090 | _aTesis | ||
| 100 | 1 |
_aBarrera Irigoyen, César Augusto. _9135376 |
|
| 245 | 1 | 0 |
_aEficiencia de cruzas e identificación taxonómica de tres accesiones de tomate de cáscara (Physalis sp.) _h[En línea] _cpor César Augusto Barrera Irigoyen. |
| 260 |
_aChapingo, Méx. : _bEl autor, _c2018. |
||
| 500 | _aPara ver el contenido del material haga clic en la liga | ||
| 502 | _aTesis (Ing. Agr. Esp. en Fitotecnia) -- UACH. Departamento de Fitotecnia | ||
| 590 |
_aBATCH _b00 _c20181121 _lUCH01 _h0758 |
||
| 590 |
_aE5765TAJ _b05 _c20180821 _lUCH01 _h0938 |
||
| 590 |
_aE5765TAJ _b05 _c20180821 _lUCH01 _h0939 |
||
| 650 | 1 | 4 |
_aTomate verde _xMejoramiento. _9113825 |
| 650 | 1 | 4 |
_aTomate verde _xPolinización. _9113830 |
| 650 | 1 | 4 |
_aTomate verde _xRendimiento. _9113834 |
| 856 |
_a1 _n0000766 |
||
| 856 |
_aFinding aid _uhttp://10.13.5.2/tesis/sist114971.pdf _zTeclea aquí |
||
| 901 | _aBK | ||
| 942 | _cTESIS | ||
| 942 | _n0 | ||
| 999 |
_c111432 _d111432 |
||